Religion in an expanding Europe / (Record no. 8414)

MARC details
000 -LEADER
fixed length control field 01548nac a22003731u 4500
010 ## - LIBRARY OF CONGRESS CONTROL NUMBER
LC control number 2006298233
020 ## - INTERNATIONAL STANDARD BOOK NUMBER
International Standard Book Number 0521859263 (hbk.)
020 ## - INTERNATIONAL STANDARD BOOK NUMBER
International Standard Book Number 0521676517 (pbk.)
024 3# -
-- 9780521859264
024 3# -
-- 9780521676519
035 ## - SYSTEM CONTROL NUMBER
System control number (OCoLC)ocm62132942
082 04 - DEWEY DECIMAL CLASSIFICATION NUMBER
Classification number 322.109409051
Item number BYR
090 ## - LOCALLY ASSIGNED LC-TYPE CALL NUMBER (OCLC); LOCAL CALL NUMBER (OCLC)
-- 8414
-- 8414
100 ## - MAIN ENTRY--PERSONAL NAME
Personal name Byrnes, Timothy A.
245 00 - TITLE STATEMENT
Title Religion in an expanding Europe /
Statement of responsibility, etc edited by Timothy A. Byrnes and Peter J. Katzenstein.
260 ## - PUBLICATION, DISTRIBUTION, ETC. (IMPRINT)
Place of publication, distribution, etc Cambridge, UK ;
-- New York :
Name of publisher, distributor, etc Cambridge University Press,2006.
Date of publication, distribution, etc c2006.
300 ## - PHYSICAL DESCRIPTION
Extent ix, 352 p. ;
Dimensions 24 cm.
500 ## - GENERAL NOTE
General note Distributer: Al-Ahram
504 ## - BIBLIOGRAPHY, ETC. NOTE
Bibliography, etc Includes bibliographical references (p. 306-336) and index.
511 ## - PARTICIPANT OR PERFORMER NOTE
Participant or performer note Catalogued by: Sara
610 20 - SUBJECT ADDED ENTRY--CORPORATE NAME
Corporate name or jurisdiction name as entry element European Union.
650 #0 - SUBJECT ADDED ENTRY--TOPICAL TERM
Topical term or geographic name as entry element Religion and politics
Geographic subdivision European Union countries.
650 #0 - SUBJECT ADDED ENTRY--TOPICAL TERM
Topical term or geographic name as entry element Political culture
Geographic subdivision European Union countries.
650 #0 - SUBJECT ADDED ENTRY--TOPICAL TERM
Topical term or geographic name as entry element Godsdienst.
650 #0 - SUBJECT ADDED ENTRY--TOPICAL TERM
Topical term or geographic name as entry element Politieke aspecten.
650 #0 - SUBJECT ADDED ENTRY--TOPICAL TERM
Topical term or geographic name as entry element Europese integratie.
651 #7 - SUBJECT ADDED ENTRY--GEOGRAPHIC NAME
Geographic name 4.
700 1# - ADDED ENTRY--PERSONAL NAME
Personal name Katzenstein, Peter J.
856 42 - ELECTRONIC LOCATION AND ACCESS
Materials specified Publisher description
Uniform Resource Identifier <a href="http://www.loc.gov/catdir/enhancements/fy0668/2006298233-d.html">http://www.loc.gov/catdir/enhancements/fy0668/2006298233-d.html</a>
856 42 - ELECTRONIC LOCATION AND ACCESS
Materials specified Table of contents only
Uniform Resource Identifier <a href="http://www.loc.gov/catdir/enhancements/fy0668/2006298233-t.html">http://www.loc.gov/catdir/enhancements/fy0668/2006298233-t.html</a>
856 42 - ELECTRONIC LOCATION AND ACCESS
Materials specified Contributor biographical information
Uniform Resource Identifier <a href="http://www.loc.gov/catdir/enhancements/fy0733/2006298233-b.html">http://www.loc.gov/catdir/enhancements/fy0733/2006298233-b.html</a>
942 ## - ADDED ENTRY ELEMENTS (KOHA)
Item type Book - Borrowing
Call number prefix 322.109409051BYR
Holdings
Withdrawn status Item status Damaged status Not for loan Home library Current library Shelving location Date acquired Source of acquisition Total Checkouts Total Renewals Full call number Barcode Date last seen Date last borrowed Koha item type
        Central Library Central Library First floor 06/03/2008 Purchase 3 3 322.109409051BYR 000010211 15/07/2025 15/11/2016 Book - Borrowing